|
|
|
|
| LEADER |
00000nam a2200000 4500 |
| 003 |
SK-BrCVT |
| 005 |
20220621155437.0 |
| 008 |
010401s2001 xo e ||||||eng d |
| 020 |
|
|
|a 8022513636
|
| 035 |
|
|
|a CVTIDW0958250
|
| 040 |
|
|
|b slo
|a CVTI SR
|
| 041 |
0 |
|
|a eng
|
| 044 |
|
|
|a xo
|
| 080 |
|
|
|a 802.0
|2 UDC-MRF
|
| 080 |
|
|
|a 33
|2 UDC-MRF
|
| 100 |
1 |
|
|a Blašková, Kornélia
|d 1945-,
|
| 242 |
1 |
0 |
|a Angličtina pre študentov ekonómie
|
| 245 |
1 |
0 |
|a English for stundents of economics /
|c Kornélia Blašková, Eva Prividiová
|
| 250 |
|
|
|a 1st ed.
|
| 260 |
|
|
|a Bratislava :
|b Ekonóm,
|c 2001
|
| 300 |
|
|
|a 240 s. :
|b lit., tab. ;
|
| 700 |
1 |
|
|a Prividiová, Eva
|
| 910 |
|
|
|b S577377
|b S577378
|b S577893
|
| 919 |
|
|
|a 80-225-1363-6
|
| 974 |
|
|
|f Knihy
|
| 992 |
|
|
|a ASK
|
| 999 |
|
|
|c 123421
|d 123421
|